| 000 | 00639nam a2200181Ia 4500 | ||
|---|---|---|---|
| 008 | 090711s9999 xx 000 0 und d | ||
| 082 | _b463 | ||
| 100 | _aगार्डनर अर्ल स्टॅनले | ||
| 245 | _aछुपा रुस्तम | ||
| 260 | _bस्वप्न प्रकाशन | ||
| 300 | _a176 | ||
| 600 | _aगार्डनर अर्ल स्टॅनले | ||
| 630 | _aछुपा रुस्तम | ||
| 700 | _aगार्डनर अर्ल स्टॅनले | ||
| 700 | _aभावे अपर्णा | ||
| 730 | _aछुपा रुस्तम | ||
| 942 | _cBOOK | ||
| 999 |
_c332831 _d332831 |
||